| 000 | 00908cam a22002893a 4500 | ||
|---|---|---|---|
| 001 | 1376 | ||
| 003 | PGUSA | ||
| 005 | 20140828083000.0 | ||
| 008 | 980701s1998||||xxu|||||s|||||000 1 eng d | ||
| 040 |
_aPGUSA _beng |
||
| 042 | _adc | ||
| 050 | 4 | _aPZ | |
| 050 | 4 | _aPR | |
| 100 | 1 |
_aBarrie, J. M. _q(James Matthew), _d1860-1937 |
|
| 245 | 1 | 4 |
_aThe Little White Bird; Or, Adventures in Kensington Gardens _h[electronic resource] / _cJ. M. Barrie |
| 260 |
_bProject Gutenberg, _c1998 |
||
| 506 | _aPublic domain in the USA. | ||
| 516 | _aElectronic text | ||
| 653 | _aAdventure stories | ||
| 653 | _aPeter Pan (Fictitious character) -- Fiction | ||
| 653 | _aFairies -- Fiction | ||
| 653 | _aKensington Gardens (London, England) -- Fiction | ||
| 653 | _aKensington (London, England) -- Fiction | ||
| 830 | 0 |
_aProject Gutenberg _v1376 |
|
| 856 | 4 | 0 | _uhttp://www.gutenberg.org/ebooks/1376 |
| 942 | _cEB | ||
| 999 |
_c230724 _d230724 |
||